Kỹ thuật rèn /

সংরক্ষণ করুন:
গ্রন্থ-পঞ্জীর বিবরন
প্রধান লেখক: Đỗ Văn Đua
অন্যান্য লেখক: Trần Hữu Tường (Tác giả)
বিন্যাস: গ্রন্থ
ভাষা:Vietnamese
প্রকাশিত: H. : Đại học và giáo dục chuyên nghiệp , 1990
সংস্করন:In lần thứ 1
বিষয়গুলি:
ট্যাগগুলো: ট্যাগ যুক্ত করুন
কোনো ট্যাগ নেই, প্রথমজন হিসাবে ট্যাগ করুন!
Thư viện lưu trữ: Thư viện Trường CĐ Kỹ Thuật Cao Thắng
LEADER 00784nam a2200229 a 4500
001 TVCDKTCT849
003 Thư viện trường Cao đẳng Kỹ thuật Cao Thắng
005 20050804000000
008 050804
980 \ \ |a Thư viện Trường CĐ Kỹ Thuật Cao Thắng 
024 |a RG_1 #1 eb0 i1 
041 0 # |a vie 
082 # # |a 671.33 /   |b Đ450Đ-k 
100 1 # |a Đỗ Văn Đua 
245 0 0 |a Kỹ thuật rèn /  |c Đỗ Văn Đua, Trần Hữu Tường 
250 # # |a In lần thứ 1 
260 # # |a H. :  |b Đại học và giáo dục chuyên nghiệp ,  |c 1990 
300 # # |a 233tr. ;  |c 27cm 
650 # 4 |a Cơ khí 
650 # 4 |a Kỹ thuật rèn 
650 # 4 |a Kỹ thuật cơ khí 
700 0 # |a Trần Hữu Tường,   |e Tác giả